[Event "Arad op 16th"]
[Site "Arad"]
[Date "2023.08.08"]
[Round "2"]
[White "Ardelean, George Catalin"]
[Black "Stoettner, Moritz"]
[Result "1-0"]
[WhiteElo "2447"]
[BlackElo "2145"]
[PlyCount "55"]
[EventDate "2023.08.07"]
[EventType "swiss"]
[EventRounds "9"]
[EventCountry "ROU"]
[SourceTitle "EXT 2024"]
[Source "ChessBase"]
[SourceDate "2023.10.10"]
[SourceVersion "1"]
[SourceVersionDate "2023.10.10"]
[SourceQuality "1"]

1. d4 Nf6 2. Nf3 d5 3. c3 e6 4. Bf4 Bd6 5. e3 0-0 6. Nbd2 c5 7. Bxd6 Qxd6 8. Ne5 b6 9. Rb1 Bb7 10. f4 Qe7 11. Bd3 Ne4 12. Qf3 f6 13. Ng4 f5 14. Ne5 Nd7 15. Nxd7 Qxd7 16. Qe2 Nxd2 17. Qxd2 a5 18. Kf2 Ba6 19. Bc2 Qe7 20. h4 Rac8 21. h5 Kh8 22. Rbg1 b5 23. g4 b4 24. gxf5 exf5 25. Kf3 bxc3 26. bxc3 Rce8 27. Rb1 a4 28. h6 1-0

[Event "Mittelfrank Regionalliga Sud-Ost 2223"]
[Site "Mittelfranken"]
[Date "2023.03.19"]
[Round "8.1"]
[White "Westenthanner, Paul"]
[Black "Stoettner, Moritz"]
[Result "0-1"]
[WhiteElo "2046"]
[BlackElo "2173"]
[PlyCount "94"]
[EventDate "2022.10.09"]
[EventType "team-tourn"]
[EventRounds "9"]
[EventCountry "GER"]
[SourceTitle "EXT 2024"]
[Source "ChessBase"]
[SourceDate "2023.10.10"]
[SourceVersion "1"]
[SourceVersionDate "2023.10.10"]
[SourceQuality "1"]
[WhiteTeam "Landshut"]
[BlackTeam "Landau Dingolfing"]
[WhiteTeamCountry "GER"]
[BlackTeamCountry "GER"]

1. d4 Nf6 2. Nf3 g6 3. Nbd2 Bg7 4. e4 d6 5. Bd3 0-0 6. 0-0 Nc6 7. c3 e5 8. dxe5 dxe5 9. Nc4 Nh5 10. Qe2 h6 11. a4 Qf6 12. h3 Re8 13. g4 Nf4 14. Bxf4 Qxf4 15. Qe3 Qf6 16. Kh2 a5 17. Ng1 Be6 18. Ne2 Rad8 19. Rad1 Qh4 20. Qf3 Rxd3 21. Qxd3 Rd8 22. Qe3 Bxc4 23. Rg1 b6 24. Ng3 Rxd1 25. Rxd1 Be6 26. f3 h5 27. Kg2 hxg4 28. hxg4 Bh6 29. Qf2 Bf4 30. Rh1 Qxg3+ 31. Qxg3 Bxg3 32. Kxg3 Kf8 33. f4 exf4+ 34. Kxf4 Ke7 35. e5 Bb3 36. Rh8 Nd8 37. Ke3 Bxa4 38. b4 axb4 39. cxb4 Bd7 40. g5 Nc6 41. Rh4 Nxe5 42. Re4 Kd6 43. Kf4 Nc6 44. b5 Ne7 45. Rd4+ Nd5+ 46. Ke4 Bf5+ 47. Kf3 Kc5 0-1